La negra : (Record no. 176566)

MARC details
000 -LEADER
campo de control de longitud fija 00997nam a22002535i 4500
001 - NÚMERO DE CONTROL
campo de control 176566
003 - IDENTIFICADOR DE NÚMERO DE CONTROL
campo de control ES-MaACL
005 - FECHA Y HORA DE LA ÚLTIMA TRANSACCIÓN
campo de control 20260211123818.0
008 - DATOS DE LONGITUD FIJA--INFORMACIÓN GENERAL
campo de control de longitud fija 110124q1954 sp 000 d spa d
080 ## - NÚMERO DE LA CLASIFICACIÓN DECIMAL UNIVERSAL
Número de la Clasificación Decimal Universal 821.134.2-22"19"
100 1# - ENTRADA PRINCIPAL--NOMBRE DE PERSONA
Nombre de persona Fernández del Villar, José.
9 (RLIN) 49736
245 13 - MENCIÓN DEL TÍTULO
Título La negra :
Resto del título comedia en tres actos, en prosa /
Mención de responsabilidad, etc. original de José Fernández del Villar.
260 ## - PUBLICACIÓN, DISTRIBUCIÓN, ETC.
Lugar de publicación, distribución, etc. Madrid :
Nombre del editor, distribuidor, etc. [s. n.,
Fecha de publicación, distribución, etc. 1954?] (
Fabricante Arba, imp.)
300 ## - DESCRIPCIÓN FÍSICA
Extensión 72 p. ;
Dimensiones 17 cm.
490 1# - MENCIÓN DE SERIE
Mención de serie Biblioteca teatral ;
Designación de volumen o secuencia 149
530 ## - NOTA DISPONIBLE DE FORMULARIO FÍSICO ADICIONAL
Nota de formato físico adicional disponible Disponible en formato digital.
594 ## - Nota al título y mención de responsabilidad
Nota al título y mención de responsabilidad En port. : Estrenada en el Teatro Eslava la noche del 12 de septiembre de 1924.
599 ## - NOTA A LAS ILUSTRACIONES
NOTA A LAS ILUSTRACIONES Antep. ilustrada
830 1# - PUNTO DE ACCESO ADICIONAL DE SERIE-TÍTULO UNIFORME
Título uniforme Biblioteca teatral ;
Designación de volumen o secuencia 149
9 (RLIN) 190120
852 4# - LOCALIZACIÓN
Ubicación ES-MaACL
Número de control de estantería E-14125 (149)
Encuadernación Encuadernado con otros títulos.
Ubicación en estantería Depósito 2
Signatura antigua Olim P-302
856 4# - LOCALIZACIÓN Y ACCESO ELECTRÓNICOS
Identificador Uniforme de Recursos <a href="http://bdh-rd.bne.es/viewer.vm?id=0000261293&page=1 ">http://bdh-rd.bne.es/viewer.vm?id=0000261293&page=1 </a>
Texto de enlace Biblioteca Digital Hispánica
942 ## - ELEMENTOS DE ENTRADA SECUNDARIOS (KOHA)
Fuente del sistema de clasificación o colocación Clasificación decimal universal
Holdings
Estatus retirado Estado de pérdida Estado de daño No para préstamo Colección Biblioteca de origen Biblioteca actual Ubicación en estantería Fecha de adquisición Fuente de adquisición Total de préstamos Signatura topográfica completa Código de barras Visto por última vez Precio de reemplazo Tipo de ítem Koha
        Colección digital Biblioteca del Ateneo de Madrid Biblioteca del Ateneo de Madrid Depósito 2 24/01/2011     E-14125 (149) 1185427 23/02/2023 23/02/2023 Libro impreso